The remarkable Mrs. Ripley : the life of Sarah Alden Bradford Ripley /

Bibliographic Details
Main Author: Goodwin, Joan W., 1926-
Format: Book
Language:English
Published: Boston : Northeastern University Press, [1998]
Subjects:

MARC

Tag First Indicator Second Indicator Subfields
LEADER 00000cam a2200000 a 4500
001 in00001475813
005 20151021052146.0
008 980430s1998 maua b 001 0beng
010 |a  98023140  
020 |a 155553368X (cloth : alk. paper) 
035 |a (OCoLC)39101971 
035 |9 AJE2921AM 
040 |a DLC  |c DLC  |d TXA  |d UtOrBLW 
043 |a n-us-ma 
049 |a TXAM 
050 0 0 |a CT275.R6069  |b G66 1998 
082 0 0 |a 974.4/403/092  |a B  |2 21 
100 1 |a Goodwin, Joan W.,  |d 1926- 
245 1 4 |a The remarkable Mrs. Ripley :  |b the life of Sarah Alden Bradford Ripley /  |c by Joan W. Goodwin. 
246 3 |a Remarkable Madam Ripley 
264 1 |a Boston :  |b Northeastern University Press,  |c [1998] 
264 4 |c ©1998 
300 |a xxiii, 399 pages :  |b illustrations ;  |c 25 cm. 
336 |a text  |b txt  |2 rdacontent 
337 |a unmediated  |b n  |2 rdamedia 
338 |a volume  |b nc  |2 rdacarrier 
504 |a Includes bibliographical references (pages 377-385) and index. 
600 1 0 |a Ripley, Sarah Alden,  |d 1793-1867. 
651 0 |a Concord (Mass.)  |x Biography. 
948 |a c:BLW 
999 |a MARS 
999 f f |s e1b07e6b-6cc6-38b5-b9db-e4cc69e3473f  |i 8e3c2902-116c-33b5-8f51-caa474bc89a9  |t 0 
952 f f |p ric  |a Texas A&M University  |b Rellis Campus  |c Joint Library Facility  |d Remote Storage  |t 0  |e CT275.R6069 G66 1998  |h Library of Congress classification  |i unmediated -- volume  |m A14823783284 
998 f f |a CT275.R6069 G66 1998  |t 0  |l Remote Storage